| 000 | 01143cam a22003255i 4500 | ||
|---|---|---|---|
| 999 |
_c14038 _d14038 |
||
| 003 | EG-ScBUE | ||
| 005 | 20201213121118.0 | ||
| 008 | 100601t20062006maua f b 001 0 eng d | ||
| 020 | _a0321397339 | ||
| 020 | _a9780321397331 | ||
| 040 |
_aEG-ScBUE _beng _erda _cEG-ScBUE _dEG-ScBUE |
||
| 082 | 0 | 4 |
_a005.73 _bWEI _222 |
| 100 | 1 |
_aWeiss, Mark A., _d1945- _eauthor. |
|
| 245 | 1 | 0 |
_aData structures and algorithm analysis in C++ / _cMark Allen Weiss, Florida International University. |
| 250 | _aThird edition. | ||
| 264 | 1 |
_aBoston, MA. : _bPearson Education / Addison-Wesley, _c[2006] |
|
| 264 | 4 | _cc2006 | |
| 300 |
_axviii, 586 pages : _billustrations ; _c24 cm |
||
| 336 |
_atext _btxt _2rdacontent |
||
| 337 |
_aunmediated _bn _2rdamedia |
||
| 338 |
_avolume _bnc _2rdacarrier |
||
| 504 | _aIncludes bibliographical references and index. | ||
| 650 | 7 |
_aData structures (Computer science) _2BUEsh _912448 |
|
| 650 | 7 |
_aComputer algorithms. _2BUEsh _910553 |
|
| 650 | 7 |
_aC++ (Computer program language) _2BUEsh _914399 |
|
| 651 | _2BUEsh | ||
| 653 |
_bCOMSCI _cDecember2020 |
||
| 942 |
_2ddc _cBB |
||